[Event "The Irish Championship 2020"]
[Site "Colaiste Eanna, Dublin, Ireland"]
[Date "2020.08.08"]
[Round "8"]
[Board "4"]
[White "Melaugh, Gavin"]
[Black "Kanyamarala, Tarun"]
[Result "0-1"]
[WhiteElo "2003"]
[BlackElo "2381"]
[PlyCount "0"]
[EventDate "2020.08.01"]
[EventRounds "9"]
[EventCountry "IRL"]

1. c4 {[%clk 02:06:57]} {[%emt 00:00:35]} f5 {[%clk 02:15:54]} 2. d4 {[%clk
02:06:00]} Nf6 {[%clk 02:16:21]} 3. Nc3 {[%clk 02:06:19]} g6 {[%clk 02:16:47]}
4. Nf3 {[%clk 02:05:08]} Bg7 {[%clk 02:17:12]} 5. g3 {[%clk 02:02:40]} O-O
{[%clk 02:17:43]} 6. Bg2 {[%clk 02:03:09]} d6 {[%clk 02:18:11]} 7. O-O {[%clk
02:02:02]} c6 {[%clk 02:18:38]} 8. d5 {[%clk 01:55:38]} e5 {[%clk 02:19:03]} 9.
dxe6 {[%clk 01:46:29]} Bxe6 {[%clk 02:19:18]} 10. Qd3 {[%clk 01:41:43]} Re8
{[%clk 02:19:51]} 11. Ng5 {[%clk 01:33:37]} Na6 {[%clk 02:20:01]} 12. Nxe6
{[%clk 01:03:37]} Rxe6 {[%clk 02:18:45]} 13. Rd1 {[%clk 00:58:13]} Ng4 {[%clk
02:07:52]} 14. e3 {[%clk 00:53:41]} Nc5 {[%clk 01:50:47]} 15. Qc2 {[%clk
00:50:18]} Bxc3 {[%clk 01:44:20]} 16. bxc3 {[%clk 00:48:42]} Qa5 {[%clk
01:42:32]} 17. Rb1 {[%clk 00:43:15]} Rae8 {[%clk 01:40:01]} 18. h3 {[%clk
00:36:52]} Ne5 {[%clk 01:39:26]} 19. Rd4 {[%clk 00:35:42]} Rf6 {[%clk
01:31:42]} 20. f4 {[%clk 00:28:52]} Ned7 {[%clk 01:26:56]} 21. g4 {[%clk
00:23:27]} Re7 {[%clk 01:14:34]} 22. Qd2 {[%clk 00:18:04]} Ree6 {[%clk
00:54:27]} 23. Rb2 {[%clk 00:08:50]} Nb6 {[%clk 00:46:58]} 24. Rb4 {[%clk
00:07:47]} Nc8 {[%clk 00:43:40]} 25. Qc2 {[%clk 00:07:13]} Qc7 {[%clk
00:42:46]} 26. Rb1 {[%clk 00:05:55]} Nb6 {[%clk 00:40:17]} 27. Bf3 {[%clk
00:02:47]} Re7 {[%clk 00:38:26]} 28. Kf2 {[%clk 00:01:41]} Ne6 {[%clk
00:37:01]} 29. Ba3 {[%clk 00:02:05]} Nxd4 {[%clk 00:20:23]} 30. cxd4 {[%clk
00:02:38]} Ref7 {[%clk 00:20:32]} 31. Rg1 {[%clk 00:01:25]} d5 {[%clk
00:18:42]} 32. c5 {[%clk 00:00:49]} Nc4 {[%clk 00:17:56]} 33. Bc1 {[%clk
00:01:22]} Qe7 {[%clk 00:13:33]} 34. h4 {[%clk 00:00:45]} Kf8 {[%clk 00:12:49]}
{[%emt 00:00:42]} 35. g5 {[%clk 00:00:45]} {[%emt 00:00:36]} Re6 {[%clk
00:13:17]} {[%emt 00:00:07]} 36. Qd3 {[%clk 00:00:56]} {[%emt 00:00:24]} Qc7
{[%clk 00:11:35]} {[%emt 00:02:17]} 37. Bd1 {[%clk 00:00:44]} {[%emt 00:00:47]}
Rfe7 {[%clk 00:11:00]} {[%emt 00:01:10]} 38. Rg3 {[%clk 00:01:12]} {[%emt
00:00:07]} Qa5 {[%clk 00:10:25]} {[%emt 00:01:10]} 39. Bb3 {[%clk 00:00:55]}
{[%emt 00:00:52]} Qb4 {[%clk 00:10:24]} {[%emt 00:00:35]} 40. Ke2 {[%clk
00:00:51]} {[%emt 00:00:40]} Re4 {[%clk 00:09:00]} {[%emt 00:01:59]} 41. Rf3
{[%clk 00:00:45]} {[%emt 00:00:41]} Ke8 {[%clk 00:06:09]} {[%emt 00:03:26]} 42.
Bc2 {[%clk 00:00:40]} {[%emt 00:00:40]} R4e6 {[%clk 00:04:15]} {[%emt
00:02:29]} 43. Qb3 {[%clk 00:00:44]} {[%emt 00:00:32]} Qa5 {[%clk 00:04:03]}
{[%emt 00:00:45]} 44. Bd3 {[%clk 00:00:54]} {[%emt 00:00:26]} Qb5 {[%clk
00:04:08]} {[%emt 00:00:30]} 45. h5 {[%emt 00:00:46]} Kf8 {[%clk 00:04:09]}
{[%emt 00:00:49]} 46. Kf2 {[%clk 00:00:52]} {[%emt 00:00:11]} Kg8 {[%clk
00:04:21]} {[%emt 00:00:23]} 47. Rh3 {[%clk 00:00:55]} {[%emt 00:00:33]} b6
{[%clk 00:04:08]} {[%emt 00:00:48]} 48. Qc3 {[%clk 00:00:45]} {[%emt 00:00:45]}
Qa5 {[%clk 00:03:52]} {[%emt 00:00:51]} 49. Qxa5 {[%clk 00:00:53]} {[%emt
00:00:27]} Nxa5 {[%clk 00:03:51]} {[%emt 00:00:35]} 50. Ba3 {[%clk 00:00:49]}
{[%emt 00:00:40]} Re8 {[%clk 00:03:47]} {[%emt 00:00:38]} 51. Bb4 {[%clk
00:00:47]} {[%emt 00:00:37]} Nc4 {[%clk 00:03:38]} {[%emt 00:00:44]} 52. Bxc4
{[%clk 00:01:09]} {[%emt 00:00:13]} dxc4 {[%clk 00:04:01]} {[%emt 00:00:13]} 53.
Ke2 {[%clk 00:00:45]} {[%emt 00:00:59]} gxh5 {[%clk 00:04:21]} {[%emt
00:00:14]} 54. Kd2 {[%clk 00:00:45]} {[%emt 00:00:35]} Kg7 {[%clk 00:04:33]}
{[%emt 00:00:23]} 55. a4 {[%clk 00:00:42]} {[%emt 00:00:38]} Kg6 {[%clk
00:04:41]} {[%emt 00:00:28]} 56. a5 {[%clk 00:00:43]} {[%emt 00:00:34]} bxa5
{[%clk 00:04:22]} {[%emt 00:00:54]} 57. Bxa5 {[%clk 00:01:17]} Rb8 {[%clk
00:04:39]} {[%emt 00:00:18]} 58. Bc3 {[%clk 00:00:48]} {[%emt 00:01:04]} Rb1
{[%clk 00:04:51]} {[%emt 00:00:23]} 59. Kc2 {[%clk 00:01:01]} {[%emt 00:00:22]}
Rg1 {[%clk 00:04:54]} {[%emt 00:00:30]} 60. Bd2 {[%clk 00:01:20]} {[%emt
00:00:17]} Re7 {[%clk 00:04:19]} {[%emt 00:01:11]} 61. Kc3 {[%clk 00:01:22]}
{[%emt 00:00:32]} Rd1 {[%clk 00:04:39]} {[%emt 00:00:14]} 62. Kc2 {[%clk
00:01:19]} {[%emt 00:00:39]} Ra1 {[%clk 00:05:01]} {[%emt 00:00:12]} 63. Kc3
{[%clk 00:00:54]} {[%emt 00:01:02]} Ra4 {[%clk 00:05:28]} {[%emt 00:00:07]} 64.
Rh1 {[%clk 00:00:40]} {[%emt 00:00:49]} Rb7 {[%clk 00:05:56]} {[%emt 00:00:07]}
 0-1

[Event "The Irish Championship 2020"]
[Site "Colaiste Eanna, Dublin, Ireland"]
[Date "2020.08.08"]
[Round "8"]
[Board "9"]
[White "Collins, Sam"]
[Black "Fitzsimons, David"]
[Result "1-0"]
[WhiteElo "2459"]
[BlackElo "2334"]
[PlyCount "0"]
[EventDate "2020.08.01"]
[EventRounds "9"]
[EventCountry "IRL"]

1. e4 {[%clk 02:16:04]} {[%emt 00:00:05]} c5 {[%emt 00:00:28]} 2. Nf3 {[%clk
02:16:13]} {[%emt 00:00:11]} d6 {[%emt 00:00:20]} 3. g3 {[%clk 02:16:11]}
{[%emt 00:00:24]} Nf6 {[%emt 00:00:42]} 4. c3 {[%clk 02:16:04]} {[%emt
00:00:32]} g6 {[%emt 00:00:54]} 5. Bg2 {[%clk 02:16:13]} {[%emt 00:00:18]} Nc6
{[%emt 00:01:01]} 6. d3 {[%clk 02:16:19]} {[%emt 00:00:20]} Bg7 {[%emt
00:00:29]} 7. O-O {[%clk 02:16:22]} {[%emt 00:00:24]} O-O {[%emt 00:00:19]} 8.
Nbd2 {[%clk 02:14:43]} {[%emt 00:02:07]} Rb8 {[%emt 00:01:06]} 9. h3 {[%clk
02:14:15]} {[%emt 00:00:51]} b5 {[%emt 00:08:12]} 10. d4 {[%clk 02:07:42]}
{[%emt 00:01:55]} Nd7 {[%emt 00:00:47]} 11. d5 {[%clk 02:02:26]} {[%emt
00:05:44]} Nce5 {[%emt 00:00:59]} 12. Ne1 {[%clk 02:00:47]} {[%emt 00:02:07]}
Nb6 {[%emt 00:05:15]} 13. f4 {[%clk 01:41:21]} {[%emt 00:19:39]} Nec4 {[%emt
00:01:29]} 14. Ndf3 {[%clk 01:34:05]} {[%emt 00:07:44]} Bd7 {[%emt 00:30:24]}
15. b3 {[%clk 01:14:22]} {[%emt 00:19:38]} Na5 {[%emt 00:22:31]} 16. Bd2 {[%clk
01:10:53]} {[%emt 00:02:31]} e6 {[%emt 00:04:52]} 17. dxe6 {[%clk 01:01:00]}
{[%emt 00:07:49]} fxe6 {[%emt 00:07:31]} 18. Rc1 {[%clk 00:59:29]} {[%emt
00:00:41]} Nc6 {[%emt 00:03:04]} 19. Qe2 {[%clk 00:57:40]} {[%emt 00:01:39]} c4
{[%emt 00:16:04]} 20. Nc2 {[%clk 00:54:31]} {[%emt 00:02:07]} e5 {[%emt
00:04:07]} 21. Kh2 {[%clk 00:52:15]} {[%emt 00:02:42]} Qe7 {[%emt 00:05:38]} 22.
Rce1 {[%clk 00:49:44]} {[%emt 00:01:22]} a5 {[%emt 00:06:28]} 23. Ng5 {[%clk
00:40:49]} {[%emt 00:09:17]} cxb3 {[%emt 00:15:16]} 24. axb3 {[%clk 00:40:48]}
{[%emt 00:00:15]} a4 {[%emt 00:00:51]} 25. bxa4 {[%clk 00:38:17]} {[%emt
00:03:00]} Nxa4 {[%emt 00:01:44]} 26. Ne3 {[%clk 00:28:34]} {[%emt 00:10:10]}
Kh8 {[%emt 00:16:20]} 27. Nd5 {[%clk 00:27:37]} {[%emt 00:00:57]} Qe8 {[%emt
00:00:54]} 28. Nc7 {[%clk 00:26:11]} {[%emt 00:01:53]} Qe7 {[%emt 00:01:04]} 29.
Nd5 {[%clk 00:24:39]} {[%emt 00:02:00]} Qe8 {[%emt 00:00:13]} 30. h4 {[%clk
00:19:37]} {[%emt 00:05:30]} Ne7 {[%emt 00:05:26]} 31. fxe5 {[%clk 00:14:26]}
{[%emt 00:05:36]} Nxd5 {[%emt 00:03:18]} 32. Rxf8+ {[%clk 00:13:17]} {[%emt
00:01:36]} Qxf8 {[%emt 00:00:14]} 33. Rf1 {[%clk 00:13:00]} {[%emt 00:00:47]}
Qe8 {[%emt 00:01:22]} 34. exd5 {[%clk 00:08:40]} {[%emt 00:04:49]} dxe5 {[%emt
00:01:25]} 35. Be4 {[%clk 00:06:47]} {[%emt 00:02:21]} Nc5 {[%emt 00:00:50]} 36.
Bc2 {[%clk 00:06:30]} {[%emt 00:00:46]} b4 {[%emt 00:00:59]} 37. Qf2 {[%clk
00:03:12]} {[%emt 00:03:48]} b3 {[%emt 00:00:43]} 38. Bb1 {[%clk 00:03:09]}
{[%emt 00:00:34]} Bb5 {[%emt 00:00:43]} 39. Nf7+ {[%clk 00:03:07]} {[%emt
00:00:32]} Kg8 {[%emt 00:00:09]} 40. c4 {[%clk 00:02:56]} {[%emt 00:00:44]}
Bxc4 {[%emt 00:01:18]} 41. Nd6 {[%clk 00:03:17]} {[%emt 00:00:09]} Qd7 {[%emt
00:00:47]} 42. Nxc4 {[%clk 00:03:24]} {[%emt 00:00:23]} Qxd5 {[%emt 00:00:14]}
43. Ne3 {[%clk 00:03:00]} {[%emt 00:00:53]} Qd7 {[%emt 00:01:02]} 44. Qe2
{[%clk 00:02:41]} {[%emt 00:00:49]} b2 {[%emt 00:01:36]} 45. Ng4 {[%clk
00:02:07]} {[%emt 00:01:04]} Qd6 {[%emt 00:01:40]} 46. Bh6 {[%clk 00:02:00]}
{[%emt 00:00:37]} Rb4 {[%emt 00:01:17]} 47. Bxg7 {[%clk 00:01:08]} {[%emt
00:01:22]} Kxg7 {[%emt 00:00:09]} 48. Qxe5+ {[%clk 00:01:30]} {[%emt 00:00:06]}
Qxe5 {[%emt 00:00:10]} 49. Nxe5 {[%clk 00:02:02]} {[%emt 00:00:01]} Na4 {[%emt
00:00:38]} 50. Rf7+ {[%clk 00:01:22]} {[%emt 00:01:10]} Kh8 {[%emt 00:00:46]}
51. Rf8+ {[%clk 00:01:52]} {[%emt 00:00:01]} Kg7 {[%emt 00:00:08]} 52. Rf7+
{[%clk 00:02:24]} Kh8 {[%emt 00:00:09]} 53. Rc7 {[%clk 00:01:05]} {[%emt
00:01:50]} Rd4 {[%emt 00:00:53]} 54. Nf7+ {[%clk 00:00:48]} {[%emt 00:00:47]}
Kg7 {[%emt 00:00:15]} 55. Ng5+ {[%clk 00:01:14]} {[%emt 00:00:04]} Kf6 {[%emt
00:01:31]} 56. Rf7+ {[%clk 00:01:21]} {[%emt 00:00:24]} Ke5 {[%emt 00:00:25]}
57. Nf3+ {[%clk 00:01:44]} {[%emt 00:00:06]} Ke6 {[%emt 00:00:10]} 58. Ba2+
{[%clk 00:02:02]} {[%emt 00:00:13]} Kd6 {[%emt 00:00:10]} 59. Nxd4 {[%clk
00:02:24]} {[%emt 00:00:08]} Nc3 {[%emt 00:00:10]} 60. Nb5+ {[%clk 00:02:15]}
{[%emt 00:00:39]} Nxb5 {[%emt 00:00:11]} 61. Rf2 {[%clk 00:02:37]} {[%emt
00:00:09]}  1-0

[Event "The Irish Championship 2020"]
[Site "Colaiste Eanna, Dublin, Ireland"]
[Date "2020.08.08"]
[Round "8"]
[Board "13"]
[White "Moran, Darragh"]
[Black "McHugh, Kevin"]
[Result "1-0"]
[WhiteElo "1873"]
[BlackElo "2010"]
[PlyCount "0"]
[EventDate "2020.08.01"]
[EventRounds "9"]
[EventCountry "IRL"]

1. e4 {[%clk 02:10:55]} {[%emt 00:05:14]} e6 {[%clk 02:16:03]} {[%emt
00:00:07]} 2. d4 {[%clk 02:11:24]} {[%emt 00:00:07]} d5 {[%clk 02:16:33]}
{[%emt 00:00:05]} 3. Nd2 {[%clk 02:11:57]} {[%emt 00:00:02]} Nf6 {[%clk
02:17:00]} {[%emt 00:00:07]} 4. e5 {[%clk 02:12:29]} {[%emt 00:00:03]} Nfd7
{[%clk 02:17:29]} {[%emt 00:00:06]} 5. Bd3 {[%clk 02:13:00]} {[%emt 00:00:05]}
c5 {[%clk 02:17:58]} {[%emt 00:00:05]} 6. c3 {[%clk 02:13:32]} {[%emt
00:00:03]} Nc6 {[%clk 02:18:27]} {[%emt 00:00:05]} 7. Ne2 {[%clk 02:14:06]}
{[%emt 00:00:03]} cxd4 {[%clk 02:18:55]} {[%emt 00:00:07]} 8. cxd4 {[%clk
02:14:39]} {[%emt 00:00:02]} f6 {[%clk 02:19:21]} {[%emt 00:00:09]} 9. Nf4
{[%clk 02:15:11]} {[%emt 00:00:03]} Nxd4 {[%clk 02:19:46]} {[%emt 00:00:10]} 10.
Qh5+ {[%clk 02:15:36]} {[%emt 00:00:10]} Ke7 {[%clk 02:17:16]} {[%emt
00:03:05]} 11. exf6+ {[%clk 02:16:00]} {[%emt 00:00:11]} Nxf6 {[%clk 02:17:01]}
{[%emt 00:00:50]} 12. Ng6+ {[%clk 02:16:26]} {[%emt 00:00:10]} hxg6 {[%clk
02:15:33]} {[%emt 00:02:02]} 13. Qxh8 {[%clk 02:16:49]} {[%emt 00:00:12]} e5
{[%clk 02:15:22]} {[%emt 00:00:46]} 14. Bxg6 {[%clk 02:16:52]} {[%emt
00:00:33]} e4 {[%clk 02:14:40]} {[%emt 00:01:16]} 15. O-O {[%clk 02:16:57]}
{[%emt 00:00:30]} Qa5 {[%clk 02:13:41]} {[%emt 00:01:33]} 16. Nb3 {[%clk
01:57:07]} {[%emt 00:20:26]} Nxb3 {[%clk 01:53:15]} {[%emt 00:21:01]} 17. axb3
{[%clk 01:55:28]} {[%emt 00:02:14]} Qc5 {[%clk 01:50:11]} {[%emt 00:03:40]} 18.
Bf4 {[%clk 01:48:27]} {[%emt 00:07:35]} Bd7 {[%clk 01:49:14]} {[%emt 00:01:31]}
19. Rac1 {[%clk 01:42:44]} {[%emt 00:06:18]} Qb6 {[%clk 01:48:28]} {[%emt
00:01:22]} 20. Rfd1 {[%clk 01:39:31]} {[%emt 00:03:48]} Bc6 {[%clk 01:35:14]}
{[%emt 00:13:48]} 21. Be3 {[%clk 01:33:57]} {[%emt 00:06:11]} Qd8 {[%clk
01:34:58]} {[%emt 00:00:50]} 22. Qh3 {[%emt 00:04:49]} Nd7 {[%clk 01:32:57]}
{[%emt 00:00:01]} 23. Qh4+ {[%clk 01:30:47]} {[%emt 00:02:06]} Nf6 {[%clk
01:32:18]} {[%emt 00:01:14]} 24. Qf4 {[%clk 01:29:48]} {[%emt 00:01:32]} Qb8
{[%clk 01:32:08]} {[%emt 00:00:46]} 25. Bc5+ {[%clk 01:29:34]} {[%emt
00:00:49]} Kd7 {[%clk 01:31:49]} {[%emt 00:00:54]} 26. Qf5+ {[%clk 01:29:32]}
{[%emt 00:00:37]} Kc7 {[%clk 01:30:20]} {[%emt 00:02:04]} 27. Qe5+ {[%clk
01:29:51]} {[%emt 00:00:16]} Kd7 {[%clk 01:30:46]} {[%emt 00:00:09]} 28. Bf5+
{[%clk 01:30:12]} {[%emt 00:00:13]}  1-0

[Event "The Irish Championship 2020"]
[Site "Colaiste Eanna, Dublin, Ireland"]
[Date "2020.08.09"]
[Round "9"]
[Board "7"]
[White "Venkatesan, Kavin"]
[Black "Melaugh, Gavin"]
[Result "1/2-1/2"]
[WhiteElo "1946"]
[BlackElo "2003"]
[PlyCount "0"]
[EventDate "2020.08.01"]
[EventRounds "9"]
[EventCountry "IRL"]

1. d4 {[%clk 02:16:07]} {[%emt 00:00:03]} e6 {[%clk 02:06:51]} {[%emt
00:09:19]} 2. c4 {[%clk 02:16:39]} {[%emt 00:00:03]} f5 {[%clk 02:06:58]}
{[%emt 00:00:27]} 3. g3 {[%clk 02:17:08]} {[%emt 00:00:06]} Nf6 {[%clk
02:07:29]} {[%emt 00:00:04]} 4. Bg2 {[%clk 02:17:39]} {[%emt 00:00:04]} Bb4+
{[%clk 02:07:35]} {[%emt 00:00:29]} 5. Bd2 {[%clk 02:17:30]} {[%emt 00:00:44]}
Bxd2+ {[%clk 02:07:20]} {[%emt 00:00:51]} 6. Nxd2 {[%clk 02:16:41]} {[%emt
00:01:23]} O-O {[%clk 02:07:46]} {[%emt 00:00:09]} 7. Ngf3 {[%clk 02:15:40]}
{[%emt 00:01:36]} d6 {[%clk 02:05:58]} {[%emt 00:02:24]} 8. O-O {[%clk
02:13:44]} {[%emt 00:02:30]} Nc6 {[%clk 02:00:52]} {[%emt 00:05:40]} 9. Qc2
{[%clk 02:04:48]} {[%emt 00:09:31]} e5 {[%clk 01:58:12]} {[%emt 00:03:16]} 10.
dxe5 {[%clk 01:57:54]} {[%emt 00:07:30]} dxe5 {[%clk 01:58:33]} {[%emt
00:00:14]} 11. Rfd1 {[%clk 01:57:10]} {[%emt 00:01:19]} Qe8 {[%clk 01:55:28]}
{[%emt 00:03:39]} 12. Nb3 {[%clk 01:45:45]} {[%emt 00:12:01]} Qh5 {[%clk
01:42:51]} {[%emt 00:13:12]} 13. Qc3 {[%clk 01:35:33]} {[%emt 00:10:47]} Ne4
{[%clk 01:28:57]} {[%emt 00:14:28]} 14. Qe3 {[%clk 01:35:27]} {[%emt 00:00:41]}
Be6 {[%clk 01:26:49]} {[%emt 00:02:43]} 15. Rac1 {[%clk 01:32:29]} {[%emt
00:03:34]} Rae8 {[%clk 01:19:28]} {[%emt 00:07:55]} 16. Nc5 {[%clk 01:17:27]}
{[%emt 00:15:38]} Nxc5 {[%clk 01:17:01]} {[%emt 00:03:02]} 17. Qxc5 {[%clk
01:17:58]} {[%emt 00:00:04]} e4 {[%clk 01:17:23]} {[%emt 00:00:13]} 18. Nd4
{[%clk 01:18:05]} {[%emt 00:00:29]} Nxd4 {[%clk 01:17:36]} {[%emt 00:00:21]} 19.
Qxd4 {[%clk 01:18:20]} {[%emt 00:00:20]} Qxe2 {[%clk 01:07:51]} {[%emt
00:10:20]} 20. Re1 {[%clk 01:14:11]} {[%emt 00:04:45]} Qh5 {[%clk 00:55:17]}
{[%emt 00:13:09]} 21. Qxa7 {[%clk 01:13:06]} {[%emt 00:01:40]} Qf7 {[%clk
00:46:54]} {[%emt 00:08:57]} 22. Qc5 {[%clk 01:04:41]} {[%emt 00:08:59]} Rd8
{[%clk 00:43:12]} {[%emt 00:04:18]} 23. f3 {[%clk 00:56:55]} {[%emt 00:08:21]}
b6 {[%clk 00:40:56]} {[%emt 00:02:51]} 24. Qf2 {[%clk 00:42:17]} {[%emt
00:15:12]} exf3 {[%clk 00:38:44]} {[%emt 00:02:47]} 25. Qxf3 {[%clk 00:40:41]}
{[%emt 00:02:12]} Bxc4 {[%clk 00:34:27]} {[%emt 00:04:52]} 26. Qf4 {[%clk
00:38:59]} {[%emt 00:02:17]} Bxa2 {[%clk 00:32:13]} {[%emt 00:02:49]} 27. Rxc7
{[%clk 00:39:05]} {[%emt 00:00:30]} Rd7 {[%clk 00:29:35]} {[%emt 00:03:13]} 28.
Rxd7 {[%clk 00:37:57]} {[%emt 00:01:43]} Qxd7 {[%clk 00:29:50]} {[%emt
00:00:20]} 29. Qb4 {[%clk 00:36:28]} {[%emt 00:02:05]} b5 {[%clk 00:18:27]}
{[%emt 00:11:58]} 30. Bf3 {[%clk 00:24:09]} {[%emt 00:12:53]} Bc4 {[%clk
00:14:07]} {[%emt 00:04:53]} 31. Qc3 {[%clk 00:17:42]} {[%emt 00:07:05]} Qf7
{[%clk 00:08:04]} {[%emt 00:06:38]} 32. Re5 {[%clk 00:14:52]} {[%emt 00:03:25]}
Rd8 {[%clk 00:03:48]} {[%emt 00:04:51]} 33. Qa5 {[%clk 00:10:41]} {[%emt
00:04:46]} Re8 {[%clk 00:02:05]} {[%emt 00:02:19]} 34. Rxe8+ {[%clk 00:11:05]}
{[%emt 00:00:10]} Qxe8 {[%clk 00:02:38]} {[%emt 00:00:02]} 35. Qd2 {[%clk
00:11:33]} {[%emt 00:00:07]} Qe6 {[%clk 00:02:23]} {[%emt 00:00:50]} 36. Kg2
{[%clk 00:10:32]} {[%emt 00:01:37]} Kf7 {[%clk 00:02:43]} {[%emt 00:00:14]} 37.
Bh5+ {[%clk 00:10:46]} {[%emt 00:00:21]} g6 {[%clk 00:01:33]} {[%emt 00:01:46]}
38. Bf3 {[%clk 00:11:15]} {[%emt 00:00:05]} Qe5 {[%clk 00:01:28]} {[%emt
00:00:40]} 39. b4 {[%clk 00:11:06]} {[%emt 00:00:44]} Ke7 {[%clk 00:01:17]}
{[%emt 00:00:47]} 40. Kf2 {[%clk 00:10:41]} {[%emt 00:00:59]} Qd6 {[%clk
00:00:58]} {[%emt 00:00:54]} 41. Qe3+ {[%clk 00:10:11]} {[%emt 00:01:05]} Kf6
{[%clk 00:01:08]} {[%emt 00:00:25]} 42. Qc3+ {[%clk 00:10:16]} {[%emt
00:00:30]} Qe5 {[%clk 00:01:24]} {[%emt 00:00:19]} 43. Qd2 {[%clk 00:10:49]}
{[%emt 00:00:02]} Ke6 {[%clk 00:01:24]} {[%emt 00:00:35]} 44. h4 {[%clk
00:08:48]} {[%emt 00:02:36]} Bd5 {[%clk 00:01:12]} {[%emt 00:00:46]} 45. Bxd5+
{[%clk 00:08:43]} {[%emt 00:00:41]} Qxd5 {[%clk 00:01:46]} {[%emt 00:00:02]} 46.
Qe3+ {[%clk 00:09:02]} {[%emt 00:00:15]} Kd6 {[%clk 00:01:04]} {[%emt
00:01:17]} 47. Qb6+ {[%clk 00:09:01]} {[%emt 00:00:36]} Qc6 {[%clk 00:01:05]}
{[%emt 00:00:34]} 48. Qd4+ {[%clk 00:09:24]} {[%emt 00:00:12]} Ke6 {[%clk
00:01:20]} {[%emt 00:00:20]} 49. Qe3+ {[%clk 00:09:48]} {[%emt 00:00:10]} Kf7
{[%clk 00:00:47]} {[%emt 00:01:08]} 50. Qa7+ {[%clk 00:09:16]} {[%emt
00:01:07]} Kg8 {[%clk 00:01:13]} {[%emt 00:00:09]} 51. Qb8+ {[%clk 00:09:39]}
{[%emt 00:00:11]} Kg7 {[%clk 00:01:33]} {[%emt 00:00:16]} 52. Qa7+ {[%clk
00:10:13]} {[%emt 00:00:02]} Kf6 {[%clk 00:01:19]} {[%emt 00:00:49]} 53. Qd4+
{[%clk 00:10:42]} {[%emt 00:00:06]} Ke6 {[%clk 00:01:35]} {[%emt 00:00:20]} 54.
Qe3+ {[%clk 00:11:11]} {[%emt 00:00:06]} Kd6 {[%clk 00:00:48]} {[%emt
00:01:22]} 55. Qd4+ {[%clk 00:11:23]} {[%emt 00:00:23]} Qd5 {[%clk 00:00:51]}
{[%emt 00:00:32]} 56. Qb6+ {[%clk 00:11:15]} {[%emt 00:00:42]} Ke5 {[%clk
00:00:52]} {[%emt 00:00:35]} 57. Qe3+ {[%clk 00:10:28]} {[%emt 00:01:20]} Kf6
{[%clk 00:01:07]} {[%emt 00:00:21]} 58. Qb6+ {[%clk 00:10:48]} {[%emt
00:00:15]} Kg7 {[%clk 00:00:46]} {[%emt 00:00:56]} 59. Qa7+ {[%clk 00:10:58]}
{[%emt 00:00:25]} Qf7 {[%clk 00:00:50]} {[%emt 00:00:31]} 60. Qd4+ {[%clk
00:11:26]} {[%emt 00:00:07]} Kf8 {[%clk 00:01:00]} {[%emt 00:00:25]} 61. Qh8+
{[%clk 00:11:25]} {[%emt 00:00:36]} Qg8 {[%clk 00:00:46]} {[%emt 00:00:50]} 62.
Qf6+ {[%clk 00:11:21]} {[%emt 00:00:38]} Qf7 {[%clk 00:00:54]} {[%emt
00:00:27]} 63. Qh8+ {[%clk 00:10:37]} {[%emt 00:01:18]} Qg8 {[%clk 00:00:50]}
{[%emt 00:00:40]} 64. Qf6+ {[%clk 00:09:34]} {[%emt 00:01:38]} Qf7 {[%clk
00:01:11]} {[%emt 00:00:15]} 65. Qh8+ {[%clk 00:09:15]} {[%emt 00:00:53]} Ke7
{[%clk 00:01:38]} {[%emt 00:00:09]} 66. Qe5+ {[%clk 00:09:42]} {[%emt
00:00:07]} Qe6 {[%clk 00:02:12]} {[%emt 00:00:01]} 67. Qxb5 {[%clk 00:09:51]}
{[%emt 00:00:26]} Qa2+ {[%clk 00:02:30]} {[%emt 00:00:17]} 68. Kf1 {[%clk
00:09:23]} {[%emt 00:01:03]} Qb1+ {[%clk 00:02:01]} {[%emt 00:01:05]} 69. Kg2
{[%clk 00:09:16]} {[%emt 00:00:41]} Qe4+ {[%clk 00:02:20]} {[%emt 00:00:16]} 70.
Kf2 {[%clk 00:09:22]} {[%emt 00:00:29]} f4 {[%clk 00:01:52]} {[%emt 00:01:04]}
71. Qg5+ {[%clk 00:09:34]} {[%emt 00:00:22]} Ke6 {[%clk 00:01:21]} {[%emt
00:01:06]} 72. Qxf4 {[%clk 00:10:02]} {[%emt 00:00:08]} Qc2+ {[%clk 00:01:48]}
{[%emt 00:00:07]} 73. Kf3 {[%clk 00:09:43]} {[%emt 00:00:53]} Qd1+ {[%clk
00:02:05]} {[%emt 00:00:18]} 74. Kg2 {[%clk 00:10:04]} {[%emt 00:00:15]} Qe2+
{[%clk 00:01:56]} {[%emt 00:00:44]} 75. Kh3 {[%clk 00:10:28]} {[%emt 00:00:12]}
h5 {[%clk 00:02:05]} {[%emt 00:00:25]} 76. Qd4 {[%clk 00:07:54]} {[%emt
00:03:08]} Qf1+ {[%clk 00:02:15]} {[%emt 00:00:25]} 77. Kh2 {[%clk 00:08:23]}
{[%emt 00:00:06]} Qe2+ {[%clk 00:02:40]} {[%emt 00:00:10]} 78. Kg1 {[%clk
00:08:21]} {[%emt 00:00:38]} Qe1+ {[%clk 00:02:56]} {[%emt 00:00:18]} 79. Kg2
{[%clk 00:07:58]} {[%emt 00:00:58]} Qe2+ {[%clk 00:03:25]} {[%emt 00:00:06]} 80.
Kg1 {[%clk 00:08:26]} {[%emt 00:00:07]} Qe1+ {[%clk 00:03:55]} {[%emt
00:00:04]}  1/2-1/2